| 000 | 00801nam a2200241 a 4500 | ||
|---|---|---|---|
| 001 | 85792 | ||
| 003 | BD-RjUL | ||
| 005 | 20251006124938.0 | ||
| 008 | 251006s1998 ii ||||| |||| 00| 0 ben d | ||
| 035 | _a(BD-RjUL)85792 | ||
| 040 |
_aBD-RjUL _beng _cBD-RjUL |
||
| 041 | _aben | ||
| 082 |
_223 _a398.809 _bHAG 1998 |
||
| 100 |
_aবিশ্বাস, হেমাঙ্গ _917074 |
||
| 245 |
_aগানের বাহিরানা / _cহেমাঙ্গ বিশ্বাস |
||
| 260 |
_aকলকাতা : _bপ্যাপিরাস, _c১৯৯৮ |
||
| 300 |
_a৩১১ পৃ.; _c২২ সেমি. |
||
| 650 |
_aলোক কবিতা _97166 |
||
| 650 |
_aFolk poetry _917075 |
||
| 650 | _aলোক সাহিত্য | ||
| 650 | _aFolk literature | ||
| 942 |
_2ddc _cBK |
||
| 999 |
_c85792 _d85792 |
||